[Event "1. Bundesliga 2016/2017"]
[Site "St. Veit/Glan"]
[Date "2017.03.23"]
[Round "5"]
[Board "6"]
[White "Sebenik, Matej"]
[Black "Lehner, Oliver"]
[Result "1-0"]
[WhiteElo "2546"]
[BlackElo "2393"]
[PlyCount "81"]
[EventDate "2016.10.20"]
[EventType "team"]
[EventRounds "11"]
[EventCountry "AUT"]
[WhiteTeam "SV Raika Rapid Feffernitz"]
[BlackTeam "Schachklub Sparkasse Jenbach"]

1.d4 Nf6 2.c4 g6 3.Nf3 Bg7 4.g3 O-O 5.Bg2 d6 6.Nc3 Nc6 7.O-O e5 8.dxe5 dxe5 9.Bg5
Be6 10.Nd2 h6 11.Bxf6 Bxf6 12.Nde4 Be7 13.Qc1 Kg7 14.Rd1 Qc8 15.Nd5 Bxd5 16.cxd5 Nd4
17.Qc4 f5 18.Nc3 f4 19.Rac1 fxg3 20.hxg3 Qf5 21.Rf1 Bd6 22.e3 b5 23.Nxb5 Nxb5 24.Qxb5
h5 25.Qa4 Rab8 26.b3 Rf7 27.Qe4 Qd7 28.Rc4 Rbf8 29.Qh4 Qb5 30.Be4 Qa5 31.Qg5 Rf6 32.Rc2
Qb4 33.Rc4 Qd2 34.g4 R8f7 35.Rc2 Qb4 36.Rc4 Qd2 37.f3 hxg4 38.Rc2 Qb4 39.Rh2 Kf8 40.Rh8+
Ke7 41.Bxg6 1-0

[Event "1. Bundesliga 2016/2017"]
[Site "St. Veit/Glan"]
[Date "2017.03.23"]
[Round "5"]
[Board "1"]
[White "Repka, Christopher"]
[Black "Martinovic, Sasa"]
[Result "1/2-1/2"]
[WhiteElo "2461"]
[BlackElo "2551"]
[PlyCount "62"]
[EventDate "2016.10.20"]
[EventType "team"]
[EventRounds "11"]
[EventCountry "AUT"]
[WhiteTeam "Bregenz"]
[BlackTeam "SK Hohenems"]

1.d4 d5 2.c4 e6 3.Nf3 Nf6 4.Nc3 a6 5.Bg5 dxc4 6.e4 b5 7.e5 h6 8.Bh4 g5 9.Nxg5 hxg5
10.Bxg5 Nbd7 11.exf6 Bb7 12.Be2 Bxg2 13.Rg1 Rxh2 14.Bf3 Bxf3 15.Qxf3 Nb6 16.O-O-O
Qd7 17.d5 O-O-O 18.dxe6 Qxe6 19.Rxd8+ Kxd8 20.Qb7 Rh3 21.f3 Bd6 22.Ne4 c3 23.Rd1 cxb2+
24.Kb1 Nc4 25.Bf4 Qf5 26.Bxd6 cxd6 27.Qb8+ Kd7 28.Qa7+ Kd8 29.Qb8+ Kd7 30.Qb7+ Kd8
31.Qb8+ Kd7 1/2-1/2

[Event "1. Bundesliga 2016/2017"]
[Site "St. Veit/Glan"]
[Date "2017.03.23"]
[Round "5"]
[Board "2"]
[White "Rozentalis, Eduardas"]
[Black "Henrichs, Thomas"]
[Result "1/2-1/2"]
[WhiteElo "2540"]
[BlackElo "2505"]
[PlyCount "69"]
[EventDate "2016.10.20"]
[EventType "team"]
[EventRounds "11"]
[EventCountry "AUT"]
[WhiteTeam "SK Hohenems"]
[BlackTeam "Bregenz"]

1.e4 c5 2.Nf3 d6 3.Bb5+ Nd7 4.O-O a6 5.Bxd7+ Bxd7 6.d4 cxd4 7.Qxd4 e5 8.Qd3 h6 9.c4
b5 10.b3 Nf6 11.Ba3 Bc6 12.Nc3 Qa5 13.Bb2 Be7 14.Nd5 bxc4 15.Nxf6+ Bxf6 16.Qxd6 Bxe4
17.Nxe5 Rd8 18.Nxc4 Rxd6 19.Nxa5 Bxb2 20.Nc4 Rg6 21.Rae1 Rxg2+ 22.Kh1 Rg4+ 23.f3 O-O
24.Rxe4 Rxe4 25.fxe4 Bc3 26.Rc1 Bb4 27.Nb6 f5 28.Nd5 Ba3 29.Rc6 fxe4 30.Rxa6 Bc5 31.Re6
Rf1+ 32.Kg2 Rf2+ 33.Kg3 Rxa2 34.b4 Bg1 35.h4 1/2-1/2

[Event "1. Bundesliga 2016/2017"]
[Site "St. Veit/Glan"]
[Date "2017.03.23"]
[Round "5"]
[Board "3"]
[White "Tuncer, Ufuk"]
[Black "Atlas, Valery"]
[Result "0-1"]
[WhiteElo "2308"]
[BlackElo "2437"]
[PlyCount "66"]
[EventDate "2016.10.20"]
[EventType "team"]
[EventRounds "11"]
[EventCountry "AUT"]
[WhiteTeam "Bregenz"]
[BlackTeam "SK Hohenems"]

1.e4 c5 2.Nf3 e6 3.d4 cxd4 4.Nxd4 Nf6 5.Nc3 d6 6.g4 h6 7.Be3 Nc6 8.Rg1 Be7 9.h3 a6
10.Bg2 g5 11.Qe2 Ne5 12.O-O-O Qc7 13.Kb1 b5 14.a3 Rb8 15.Bc1 b4 16.axb4 Rxb4 17.Na2
Rb6 18.h4 Rg8 19.hxg5 hxg5 20.Bh1 a5 21.Rg3 Ba6 22.Qe1 Nfd7 23.Rc3 Qb8 24.Rb3 Nc5
25.Rxb6 Qxb6 26.f3 Bf6 27.Bg2 Ned3 28.cxd3 Bxd4 29.Bf1 Kd7 30.Rd2 Rb8 31.Qd1 Nb3 32.Rc2
a4 33.Bd2 Na1 0-1

[Event "1. Bundesliga 2016/2017"]
[Site "St. Veit/Glan"]
[Date "2017.03.23"]
[Round "5"]
[Board "4"]
[White "Froewis, Georg"]
[Black "Dobosz, Henryk"]
[Result "1/2-1/2"]
[WhiteElo "2435"]
[BlackElo "2379"]
[PlyCount "85"]
[EventDate "2016.10.20"]
[EventType "team"]
[EventRounds "11"]
[EventCountry "AUT"]
[WhiteTeam "SK Hohenems"]
[BlackTeam "Bregenz"]

1.Nf3 d6 2.d4 g6 3.e4 Bg7 4.c4 e5 5.Be2 exd4 6.Nxd4 Nc6 7.Be3 Nge7 8.Nc3 O-O 9.h4
f5 10.Nxc6 bxc6 11.Qd2 fxe4 12.g4 Rb8 13.h5 Be6 14.O-O-O Rf7 15.Bd4 Qf8 16.Nxe4 Bxd4
17.Qxd4 c5 18.Qc3 Rf4 19.hxg6 Nxg6 20.Ng5 Qf6 21.Qxf6 Rxf6 22.Rxh7 Rxf2 23.Rd2 Nf4
24.Bd1 Rxd2 25.Kxd2 Rxb2+ 26.Kc3 Rb1 27.Bc2 Rg1 28.Rxc7 Rg3+ 29.Kb2 Bxc4 30.Ne4 Rg2
31.Nxd6 Bxa2 32.Rc8+ Kg7 33.Nf5+ Kf6 34.Rf8+ Bf7 35.Nh6 Nd3+ 36.Kc3 Ne5 37.Nxf7 Rg3+
38.Kb2 Nc4+ 39.Ka2 Ra3+ 40.Kb1 Ke7 41.Rc8 Kxf7 42.Rxc5 Ne3 43.Rc7+ 1/2-1/2

[Event "1. Bundesliga 2016/2017"]
[Site "St. Veit/Glan"]
[Date "2017.03.23"]
[Round "5"]
[Board "5"]
[White "Repkova, Eva"]
[Black "Baldauf, Marco"]
[Result "1/2-1/2"]
[WhiteElo "2329"]
[BlackElo "2456"]
[PlyCount "67"]
[EventDate "2016.10.20"]
[EventType "team"]
[EventRounds "11"]
[EventCountry "AUT"]
[WhiteTeam "Bregenz"]
[BlackTeam "SK Hohenems"]

1.e4 c5 2.Nf3 d6 3.Bc4 Nf6 4.d3 Nc6 5.c3 Bg4 6.Bb3 e6 7.h3 Bh5 8.Bg5 h6 9.Bh4 Be7
10.Nbd2 O-O 11.Qe2 d5 12.g4 Bg6 13.e5 Nd7 14.Bxe7 Qxe7 15.h4 b5 16.h5 Bh7 17.g5 c4
18.dxc4 dxc4 19.g6 Bxg6 20.hxg6 cxb3 21.Qxb5 Qc5 22.gxf7+ Rxf7 23.Qxc5 Nxc5 24.axb3
Nxb3 25.Nxb3 Rxf3 26.Ra6 Nxe5 27.Rxe6 Nd3+ 28.Ke2 Nf4+ 29.Kxf3 Nxe6 30.Nd4 Nxd4+ 31.cxd4
Rb8 32.Ra1 Rb3+ 33.Kg2 Rxb2 34.Rxa7 1/2-1/2

[Event "1. Bundesliga 2016/2017"]
[Site "St. Veit/Glan"]
[Date "2017.03.23"]
[Round "5"]
[Board "6"]
[White "Baenziger, Fabian"]
[Black "Mira, Helene"]
[Result "1/2-1/2"]
[WhiteElo "2312"]
[BlackElo "2068"]
[PlyCount "93"]
[EventDate "2016.10.20"]
[EventType "team"]
[EventRounds "11"]
[EventCountry "AUT"]
[WhiteTeam "SK Hohenems"]
[BlackTeam "Bregenz"]

1.d4 d6 2.Nf3 Nf6 3.g3 g6 4.Bg2 Bg7 5.O-O O-O 6.c4 Ne4 7.Ne1 f5 8.Bxe4 fxe4 9.Nc3
c5 10.Be3 Be6 11.Nxe4 Bxc4 12.dxc5 d5 13.Ng5 d4 14.Bd2 Qd5 15.f3 Qxc5 16.Nd3 Qb6 17.Qc2
Bd5 18.Kg2 Kh8 19.Nf4 Bg8 20.Qe4 e5 21.Nd3 Nc6 22.h4 Qc7 23.h5 Ne7 24.Rac1 Qd6 25.Rh1
Bd5 26.Qg4 h6 27.Bb4 Qf6 28.Bxe7 Qxe7 29.hxg6 Kg8 30.Ne4 Bxa2 31.Qh4 Qxh4 32.gxh4
Rfc8 33.Nd6 Rc6 34.Rxc6 bxc6 35.Ra1 Bd5 36.b4 Bf8 37.Ne4 Bxe4 38.fxe4 h5 39.Ra6 Rb8
40.Rxa7 Bxb4 41.Nxe5 Rc8 42.Rb7 Bf8 43.Kf3 c5 44.Nc4 Rc6 45.e5 Rxg6 46.Ra7 Rg7 47.Ra8 1/2-1/2

[Event "1. Bundesliga 2016/2017"]
[Site "St. Veit/Glan"]
[Date "2017.03.23"]
[Round "5"]
[Board "1"]
[White "Sandhoefner, Florian"]
[Black "Ragger, Markus"]
[Result "0-1"]
[WhiteElo "2257"]
[BlackElo "2677"]
[PlyCount "120"]
[EventDate "2016.10.20"]
[EventType "team"]
[EventRounds "11"]
[EventCountry "AUT"]
[WhiteTeam "ASK St. Valentin"]
[BlackTeam "SC MPOE Maria Saal"]

1.d4 Nf6 2.c4 g6 3.Nc3 d5 4.cxd5 Nxd5 5.Bd2 Nb6 6.Bg5 Bg7 7.e3 c5 8.dxc5 Bxc3+ 9.bxc3
Qxd1+ 10.Rxd1 N6d7 11.Bb5 Nc6 12.Nf3 f6 13.Bh4 Nxc5 14.Nd4 Bd7 15.Nxc6 bxc6 16.Bc4
Ne4 17.Rc1 Rb8 18.Bb3 Nc5 19.Bc4 Be6 20.Bxe6 Nxe6 21.Kd2 Kf7 22.Kc2 Nc5 23.f3 Rb5
24.e4 Nd7 25.Bf2 Ne5 26.Rb1 Ra5 27.Ra1 Nc4 28.a4 f5 29.exf5 gxf5 30.Rhd1 Rg8 31.g3
Rb8 32.Ra2 Re5 33.Kc1 a6 34.Rd4 Na5 35.Rb4 Rd8 36.Rd2 Rxd2 37.Kxd2 c5 38.Rb8 Rd5+
39.Ke2 Re5+ 40.Kd2 c4 41.Rc8 Ke6 42.Bb6 Nb3+ 43.Kd1 Kd5 44.a5 Re6 45.Rc7 Rh6 46.Bg1
e5 47.Rf7 Rd6 48.Rxh7 Kc6+ 49.Ke1 Rd3 50.Re7 Kd6 51.Ra7 Rxc3 52.Rxa6+ Kd5 53.Ra8 Rc1+
54.Kf2 c3 55.a6 c2 56.Rc8 Nc5 57.a7 Ra1 58.a8=Q+ Rxa8 59.Rxa8 c1=Q 60.Kg2 Nd3 0-1

[Event "1. Bundesliga 2016/2017"]
[Site "St. Veit/Glan"]
[Date "2017.03.23"]
[Round "5"]
[Board "2"]
[White "Buhmann, Rainer"]
[Black "Theuretzbacher, Klaus"]
[Result "1-0"]
[WhiteElo "2609"]
[BlackElo "2248"]
[PlyCount "59"]
[EventDate "2016.10.20"]
[EventType "team"]
[EventRounds "11"]
[EventCountry "AUT"]
[WhiteTeam "SC MPOE Maria Saal"]
[BlackTeam "ASK St. Valentin"]

1.Nf3 b5 2.e4 Bb7 3.Bxb5 Bxe4 4.Nc3 Bg6 5.Ne5 c6 6.Be2 d6 7.Nxg6 hxg6 8.d4 e6 9.Ne4
d5 10.Ng5 Be7 11.h4 Nh6 12.Nf3 Nf5 13.Kf1 Nd7 14.g3 Qb6 15.Kg2 Nf6 16.c3 Ne4 17.Bd3
Ned6 18.Qe2 c5 19.dxc5 Qxc5 20.Bf4 O-O 21.g4 Nh6 22.g5 Nhf5 23.h5 gxh5 24.Rxh5 g6
25.Rh3 Kg7 26.Rah1 Rg8 27.Be5+ Kf8 28.Rh8 Ng7 29.Bxg7+ Kxg7 30.Qe5+ 1-0

[Event "1. Bundesliga 2016/2017"]
[Site "St. Veit/Glan"]
[Date "2017.03.23"]
[Round "5"]
[Board "3"]
[White "Heimberger, Reinhard"]
[Black "Predojevic, Borki"]
[Result "0-1"]
[WhiteElo "2282"]
[BlackElo "2616"]
[PlyCount "146"]
[EventDate "2016.10.20"]
[EventType "team"]
[EventRounds "11"]
[EventCountry "AUT"]
[WhiteTeam "ASK St. Valentin"]
[BlackTeam "SC MPOE Maria Saal"]

1. d4 Nf6 2. Nf3 d5 3. g3 c5 4. c3 cxd4 5. cxd4 Nc6 6. Bg2 e6 7. O-O Be7 8. Nc3
O-O 9. a3 Bd7 10. b4 a6 11. Bb2 Na7 12. Ne5 Nb5 13. Na4 Nd6 14. Nc5 Be8 15. Qb3
Bb5 16. Rfe1 b6 17. Ncd3 Bc4 18. Qa4 Qe8 19. Qxe8 Rfxe8 20. a4 Rec8 21. Rec1
Ra7 22. Bc3 Nd7 23. Nxc4 Nxc4 24. a5 b5 25. Nc5 Nxc5 26. dxc5 f5 27. Rd1 Kf7
28. Bd4 Bf6 29. e3 g5 30. Kf1 h5 31. Ke2 Rh8 32. h4 g4 33. Rab1 Rc7 34. Ba1 Rh7
35. Bd4 Kg6 36. Bxf6 Kxf6 37. Kd3 Rhd7 38. Kc3 Ke7 39. Bf1 Ne5 40. Bg2 Rc8 41.
Rd4 Nc6 42. Rd2 Rdc7 43. Rbd1 Rf8 44. Kb3 Nb8 45. Rc1 Nd7 46. Kb2 Nf6 47. Rcd1
Rf7 48. Kb3 Rc8 49. Rc1 Rd8 50. Rcd1 Rdf8 51. Rc1 Kd7 52. Rc3 Kc6 53. Rc1 Ne4
54. Bxe4 fxe4 55. Rcc2 e5 56. Re2 Rf3 57. Kb2 Rd8 58. Rcd2 d4 59. exd4 Rxd4 60.
Rxd4 exd4 61. Rxe4 Rxf2+ 62. Kb3 Kd5 63. Re8 Rf3+ 64. Kb2 Rxg3 65. Rd8+ Ke4 66.
Re8+ Kd5 67. Rd8+ Ke4 68. Re8+ Kd3 69. Re5 Kc4 70. c6 Kxb4 71. Rd5 Rb3+ 72. Ka2
Rc3 73. Rxd4+ Kxa5 0-1

[Event "1. Bundesliga 2016/2017"]
[Site "St. Veit/Glan"]
[Date "2017.03.23"]
[Round "5"]
[Board "4"]
[White "Naumann, Alexander"]
[Black "Kranzl, Peter"]
[Result "1-0"]
[WhiteElo "2565"]
[BlackElo "2187"]
[PlyCount "105"]
[EventDate "2016.10.20"]
[EventType "team"]
[EventRounds "11"]
[EventCountry "AUT"]
[WhiteTeam "SC MPOE Maria Saal"]
[BlackTeam "ASK St. Valentin"]

1.Nf3 Nf6 2.c4 g6 3.g3 Bg7 4.Bg2 O-O 5.O-O d6 6.d4 c6 7.Nc3 Bf5 8.Ne1 e5 9.d5 cxd5
10.cxd5 Na6 11.e4 Bg4 12.f3 Bd7 13.Be3 Ne8 14.Nd3 f5 15.Qd2 Nf6 16.Kh1 Rf7 17.f4 Ng4
18.fxe5 Nxe5 19.Nxe5 Bxe5 20.Rae1 Qa5 21.Bf4 Bxf4 22.Rxf4 Raf8 23.e5 dxe5 24.Rxe5
Qc5 25.Re1 Qd6 26.Qd4 b6 27.Qe5 Rf6 28.Qxd6 Rxd6 29.Re7 Nc7 30.g4 Re8 31.Rxe8+ Nxe8
32.gxf5 Bxf5 33.Nb5 Rd7 34.Nd4 Nd6 35.Nc6 Kg7 36.Kg1 Nc8 37.Ra4 Kf6 38.Kf2 Rc7 39.Ke3
g5 40.Kd4 a5 41.Ra3 g4 42.Re3 Nd6 43.Rb3 Rb7 44.Ke3 Kg5 45.Bf1 Bc2 46.Rc3 Rf7 47.Be2
Be4 48.Nd8 Rf5 49.Rc6 Bf3 50.Bd3 Re5+ 51.Kf2 Ne4+ 52.Bxe4 Rxe4 53.Nf7+ 1-0

[Event "1. Bundesliga 2016/2017"]
[Site "St. Veit/Glan"]
[Date "2017.03.23"]
[Round "5"]
[Board "5"]
[White "Tober, Gerhard"]
[Black "Kreisl, Robert"]
[Result "0-1"]
[WhiteElo "2244"]
[BlackElo "2435"]
[PlyCount "74"]
[EventDate "2016.10.20"]
[EventType "team"]
[EventRounds "11"]
[EventCountry "AUT"]
[WhiteTeam "ASK St. Valentin"]
[BlackTeam "SC MPOE Maria Saal"]

1.e4 c6 2.d4 d5 3.exd5 cxd5 4.Bd3 Nc6 5.c3 Qc7 6.Ne2 Bg4 7.h3 Bh5 8.O-O e6 9.Bf4 Qxf4
10.Nxf4 Bxd1 11.Rxd1 Bd6 12.Ne2 Nge7 13.Nd2 O-O 14.f4 f6 15.Rf1 e5 16.fxe5 fxe5 17.dxe5
Nxe5 18.Bc2 g6 19.Nd4 Bc5 20.N2b3 Bb6 21.a4 a5 22.Rae1 N7c6 23.Re2 Nxd4 24.Nxd4 Nc6
25.Rd2 Rxf1+ 26.Kxf1 Bxd4 27.cxd4 Rf8+ 28.Ke1 Re8+ 29.Kd1 Nb4 30.Rf2 Kg7 31.Kd2 Re6
32.Bb3 Re4 33.Bc2 Rxd4+ 34.Ke3 Rc4 35.Bb3 Re4+ 36.Kf3 Rd4 37.Ke3 Rd3+ 0-1

[Event "1. Bundesliga 2016/2017"]
[Site "St. Veit/Glan"]
[Date "2017.03.23"]
[Round "5"]
[Board "1"]
[White "Prohaszka, Peter"]
[Black "Georgiadis, Nico"]
[Result "1-0"]
[WhiteElo "2592"]
[BlackElo "2478"]
[PlyCount "77"]
[EventDate "2016.10.20"]
[EventType "team"]
[EventRounds "11"]
[EventCountry "AUT"]
[WhiteTeam "mpimmo Wien - SK Ottakring"]
[BlackTeam "Schachclub Sparkasse Goetzis"]

1.d4 Nf6 2.Nf3 g6 3.Bf4 Bg7 4.c3 O-O 5.h3 d6 6.e3 Nbd7 7.Be2 b6 8.a4 a5 9.O-O Bb7
10.Bh2 Re8 11.Nfd2 e5 12.Na3 Qe7 13.Nac4 h5 14.Bf3 e4 15.Be2 Nf8 16.Na3 Ne6 17.Nb5
Ba6 18.c4 Rad8 19.Nc3 c5 20.Nd5 Nxd5 21.cxd5 Bxe2 22.Qxe2 Nc7 23.dxc5 bxc5 24.Nc4
Nxd5 25.Rfd1 Qe6 26.Nxa5 Nb4 27.Nb7 Rd7 28.Rxd6 Rxd6 29.Nxd6 Rd8 30.Qb5 Bxb2 31.Rb1
Be5 32.Bxe5 Qxe5 33.Nb7 Rd2 34.Nxc5 Qf5 35.Qe8+ Kg7 36.Nxe4 Rxf2 37.Rxb4 Rf1+ 38.Kh2
Re1 39.Rb8 1-0

[Event "1. Bundesliga 2016/2017"]
[Site "St. Veit/Glan"]
[Date "2017.03.23"]
[Round "5"]
[Board "2"]
[White "Krassowizkij, Jaroslaw"]
[Black "Banusz, Tamas"]
[Result "1/2-1/2"]
[WhiteElo "2453"]
[BlackElo "2613"]
[PlyCount "105"]
[EventDate "2016.10.20"]
[EventType "team"]
[EventRounds "11"]
[EventCountry "AUT"]
[WhiteTeam "Schachclub Sparkasse Goetzis"]
[BlackTeam "mpimmo Wien - SK Ottakring"]

1.d4 Nf6 2.c4 e6 3.Nc3 Bb4 4.Qc2 b6 5.e4 c5 6.d5 Qe7 7.Be2 exd5 8.exd5 O-O 9.Be3 d6
10.h3 b5 11.O-O-O bxc4 12.Bxc4 Bxc3 13.Qxc3 Nbd7 14.Nf3 Nb6 15.Bg5 Nxc4 16.Qxc4 Qe4
17.Qxe4 Nxe4 18.Bh4 Re8 19.Rhe1 Bb7 20.Nd2 Nxd2 21.Rxe8+ Rxe8 22.Rxd2 Re1+ 23.Kc2
Kf8 24.f3 Rg1 25.a3 Ba6 26.Kc3 Ke8 27.b4 cxb4+ 28.axb4 Bb5 29.Bg3 Kd7 30.Bh2 Rc1+
31.Rc2 Rxc2+ 32.Kxc2 Bf1 33.g3 Bc4 34.f4 Bxd5 35.b5 Bg2 36.h4 Ke6 37.Bg1 Kf5 38.Bxa7
Kg4 39.Bf2 Kf3 40.Be1 Ke2 41.Bb4 Kf2 42.Bxd6 Kxg3 43.h5 Kg4 44.Bf8 Kxh5 45.Bxg7 Kg6
46.Bf8 h5 47.Kd2 Kf5 48.Ke3 Kg4 49.f5 Kxf5 50.Bd6 Kg4 51.b6 Bb7 52.Bc7 f5 53.Bd6 1/2-1/2

[Event "1. Bundesliga 2016/2017"]
[Site "St. Veit/Glan"]
[Date "2017.03.23"]
[Round "5"]
[Board "3"]
[White "Papp, Gabor"]
[Black "Kessler, Luca"]
[Result "1-0"]
[WhiteElo "2581"]
[BlackElo "2433"]
[PlyCount "55"]
[EventDate "2016.10.20"]
[EventType "team"]
[EventRounds "11"]
[EventCountry "AUT"]
[WhiteTeam "mpimmo Wien - SK Ottakring"]
[BlackTeam "Schachclub Sparkasse Goetzis"]

1.e4 d6 2.d4 Nf6 3.Nc3 e5 4.Nf3 Nbd7 5.Bc4 Be7 6.O-O O-O 7.a4 c6 8.h3 Nxe4 9.Nxe4
d5 10.Re1 exd4 11.Bxd5 cxd5 12.Ng3 Nc5 13.Nxd4 g6 14.Bh6 Re8 15.Qf3 Ne6 16.Rad1 Nxd4
17.Rxd4 Be6 18.Nh5 Rc8 19.Ng7 Bf6 20.Nxe8 Bxd4 21.Rxe6 Qh4 22.Nd6 fxe6 23.Qf7+ Kh8
24.Nxc8 Qxh6 25.Ne7 Qc1+ 26.Kh2 Be5+ 27.g3 Bxg3+ 28.Kg2 1-0

[Event "1. Bundesliga 2016/2017"]
[Site "St. Veit/Glan"]
[Date "2017.03.23"]
[Round "5"]
[Board "4"]
[White "Kvetny, Mark"]
[Black "Dragnev, Valentin"]
[Result "0-1"]
[WhiteElo "2377"]
[BlackElo "2515"]
[PlyCount "84"]
[EventDate "2016.10.20"]
[EventType "team"]
[EventRounds "11"]
[EventCountry "AUT"]
[WhiteTeam "Schachclub Sparkasse Goetzis"]
[BlackTeam "mpimmo Wien - SK Ottakring"]

1.c4 Nf6 2.Nc3 e5 3.Nf3 Nc6 4.e3 Bb4 5.Qc2 Bxc3 6.bxc3 O-O 7.e4 d6 8.g3 Nd7 9.Bg2
Nc5 10.Nh4 Be6 11.d3 Qd7 12.O-O Bh3 13.f4 exf4 14.d4 Na6 15.Bxf4 Bxg2 16.Qxg2 Ne7
17.Rae1 Rae8 18.g4 Nb8 19.Nf5 Nxf5 20.gxf5 f6 21.Kh1 Nc6 22.Re3 Rf7 23.Rg1 Na5 24.h4
Nxc4 25.Rg3 h5 26.Bh6 Ree7 27.Qe2 d5 28.e5 Qxf5 29.e6 Rxe6 30.Rxg7+ Rxg7 31.Rxg7+
Kh8 32.Qg2 Qe4 33.Qxe4 dxe4 34.Rxc7 b5 35.d5 e3 36.dxe6 e2 37.e7 e1=Q+ 38.Kg2 Qe2+
39.Kg1 Qe1+ 40.Kg2 Qe4+ 41.Kf1 Nd6 42.Bg7+ Kg8 0-1

[Event "1. Bundesliga 2016/2017"]
[Site "St. Veit/Glan"]
[Date "2017.03.23"]
[Round "5"]
[Board "5"]
[White "Stohl, Igor"]
[Black "Anistratov, Dmitrij"]
[Result "1-0"]
[WhiteElo "2502"]
[BlackElo "2273"]
[PlyCount "103"]
[EventDate "2016.10.20"]
[EventType "team"]
[EventRounds "11"]
[EventCountry "AUT"]
[WhiteTeam "mpimmo Wien - SK Ottakring"]
[BlackTeam "Schachclub Sparkasse Goetzis"]

1. c4 Nf6 2. Nc3 d6 3. g3 e5 4. Bg2 c6 5. d4 Be7 6. e4 Nbd7 7. Nf3 O-O 8. O-O
a6 9. a4 Re8 10. a5 exd4 11. Nxd4 Ne5 12. b3 c5 13. Nf5 Bxf5 14. exf5 Nc6 15.
Bb2 Rb8 16. g4 Nd4 17. g5 Nd7 18. f6 Bf8 19. Nd5 gxf6 20. Bxd4 cxd4 21. Bh3 Bg7
22. Bxd7 Qxd7 23. gxf6 Bh6 24. Kh1 Qh3 25. Rg1+ Kh8 26. Rg3 Qf5 27. Qxd4 Re4
28. Qd3 Qe5 29. Rag1 Re1 30. Rxe1 Qxe1+ 31. Kg2 Qe5 32. Qf3 Rg8 33. Rxg8+ Kxg8
34. Qg3+ Qxg3+ 35. hxg3 Bd2 36. b4 Kf8 37. Kf3 Ke8 38. Ke2 Bc1 39. g4 Kd7 40.
f4 Ke6 41. Kd3 Bb2 42. Ke4 Bc1 43. Kf3 Bd2 44. g5 Kf5 45. Ne7+ Ke6 46. f5+ Kd7
47. Kg4 Bxb4 48. Nd5 Bd2 49. Kh5 Ke8 50. g6 hxg6+ 51. fxg6 Kf8 52. g7+ 1-0

[Event "1. Bundesliga 2016/2017"]
[Site "St. Veit/Glan"]
[Date "2017.03.23"]
[Round "5"]
[Board "6"]
[White "Kranz, Armin"]
[Black "Schneider-Zinner, Harald"]
[Result "0-1"]
[WhiteElo "2052"]
[BlackElo "2392"]
[PlyCount "66"]
[EventDate "2016.10.20"]
[EventType "team"]
[EventRounds "11"]
[EventCountry "AUT"]
[WhiteTeam "Schachclub Sparkasse Goetzis"]
[BlackTeam "mpimmo Wien - SK Ottakring"]

1.d4 d5 2.c4 e6 3.Nf3 Nf6 4.g3 c6 5.Bg2 Be7 6.Qc2 O-O 7.O-O b6 8.Rd1 Nbd7 9.b3 a5
10.Nc3 Ba6 11.Ne5 Nxe5 12.dxe5 Ng4 13.cxd5 cxd5 14.Nxd5 exd5 15.Bxd5 Bc5 16.e3 Qc8
17.Qe4 Ra7 18.Bb2 Re7 19.Qf4 Nh6 20.Rac1 Qg4 21.Rd2 Qxf4 22.gxf4 Rd8 23.e4 Kf8 24.Kg2
Red7 25.Kf3 Nf5 26.Rcd1 Ne7 27.Bc3 Nxd5 28.exd5 Bb7 29.Ke4 g6 30.f3 Ke7 31.h3 Rxd5
32.Rxd5 Rxd5 33.Rxd5 Ke6 0-1

[Event "1. Bundesliga 2016/2017"]
[Site "St. Veit/Glan"]
[Date "2017.03.24"]
[Round "6"]
[Board "1"]
[White "Bosiocic, Marin"]
[Black "Georgiadis, Nico"]
[Result "1-0"]
[WhiteElo "2610"]
[BlackElo "2478"]
[PlyCount "33"]
[EventDate "2016.10.20"]
[EventType "team"]
[EventRounds "11"]
[EventCountry "AUT"]
[WhiteTeam "SV Pillenkoenig St. Veit"]
[BlackTeam "Schachclub Sparkasse Goetzis"]

1.c4 f5 2.d4 Nf6 3.g3 g6 4.Bg2 Bg7 5.Nf3 O-O 6.O-O d6 7.Nc3 Qe8 8.b3 Na6 9.Ba3 c6
10.Qd3 Nc7 11.Rfe1 Rb8 12.e4 fxe4 13.Nxe4 Bf5 14.Nxf6+ Bxf6 15.Qe3 Qd7 16.Rad1 b5
17.Ne5 1-0

[Event "1. Bundesliga 2016/2017"]
[Site "St. Veit/Glan"]
[Date "2017.03.24"]
[Round "6"]
[Board "2"]
[White "Krassowizkij, Jaroslaw"]
[Black "Brkic, Ante"]
[Result "1-0"]
[WhiteElo "2453"]
[BlackElo "2552"]
[PlyCount "53"]
[EventDate "2016.10.20"]
[EventType "team"]
[EventRounds "11"]
[EventCountry "AUT"]
[WhiteTeam "Schachclub Sparkasse Goetzis"]
[BlackTeam "SV Pillenkoenig St. Veit"]

1.d4 Nf6 2.c4 e6 3.Nc3 Bb4 4.e3 O-O 5.Bd3 d5 6.Nf3 c5 7.O-O cxd4 8.exd4 dxc4 9.Bxc4
b6 10.Bg5 Bb7 11.Ne5 Bxc3 12.bxc3 Nbd7 13.Qe2 Qc7 14.Nxd7 Qxd7 15.Bxf6 gxf6 16.d5
Bxd5 17.Rad1 Rfd8 18.Qg4+ Kf8 19.Bxd5 exd5 20.Qh5 Kg7 21.Rd3 Re8 22.Rg3+ Kf8 23.Qxh7
Ke7 24.Qg7 Qf5 25.Re3+ Kd6 26.Qxf7 Re5 27.Rf3 1-0

[Event "1. Bundesliga 2016/2017"]
[Site "St. Veit/Glan"]
[Date "2017.03.24"]
[Round "6"]
[Board "3"]
[White "Antoniewski, Rafal"]
[Black "Kessler, Luca"]
[Result "1-0"]
[WhiteElo "2535"]
[BlackElo "2433"]
[PlyCount "89"]
[EventDate "2016.10.20"]
[EventType "team"]
[EventRounds "11"]
[EventCountry "AUT"]
[WhiteTeam "SV Pillenkoenig St. Veit"]
[BlackTeam "Schachclub Sparkasse Goetzis"]

1.e4 c6 2.d4 d5 3.e5 Bf5 4.h4 h5 5.Bd3 Bxd3 6.Qxd3 e6 7.Nf3 Qa5+ 8.Nbd2 Qa6 9.c4 Ne7
10.O-O Nd7 11.b3 Nf5 12.Bb2 Be7 13.g3 O-O 14.Qe2 g6 15.Rfe1 Nb6 16.a3 Rfd8 17.c5 Qxe2
18.Rxe2 Nd7 19.b4 a5 20.Ree1 b5 21.Nb3 axb4 22.axb4 Rdc8 23.Na5 Bd8 24.Nxc6 Rxa1 25.Rxa1
Rxc6 26.Ra8 Kg7 27.Rxd8 Rc7 28.Re8 Ra7 29.Ne1 Rc7 30.Kg2 Ra7 31.Nd3 Rc7 32.Kf1 Rc6
33.Ke1 Rc7 34.Kd1 Kh7 35.Kd2 Kg7 36.Nf4 Kh7 37.Ne2 Ng7 38.Ra8 Nf5 39.Ra5 Ne7 40.Rxb5
Nc6 41.Nc1 Ra7 42.Nb3 Kg7 43.Na5 Nxb4 44.Rxb4 Rxa5 45.c6 1-0

[Event "1. Bundesliga 2016/2017"]
[Site "St. Veit/Glan"]
[Date "2017.03.24"]
[Round "6"]
[Board "4"]
[White "Kvetny, Mark"]
[Black "Koop, Thorben"]
[Result "1-0"]
[WhiteElo "2377"]
[BlackElo "2398"]
[PlyCount "47"]
[EventDate "2016.10.20"]
[EventType "team"]
[EventRounds "11"]
[EventCountry "AUT"]
[WhiteTeam "Schachclub Sparkasse Goetzis"]
[BlackTeam "SV Pillenkoenig St. Veit"]

1.d4 Nf6 2.c4 g6 3.Nc3 d5 4.Nf3 Bg7 5.h4 dxc4 6.e4 c5 7.d5 b5 8.h5 O-O 9.hxg6 b4 10.e5
bxc3 11.exf6 Bxf6 12.g7 Bxg7 13.Qc2 f5 14.Bxc4 Ba6 15.b3 Qd6 16.Rh3 Bb7 17.Ng5 Bxd5
18.Bf4 Qc6 19.Qd3 e6 20.O-O-O h6 21.Nxe6 Bxe6 22.Bxh6 Rf6 23.Qd8+ Kf7 24.Bxg7 1-0

[Event "1. Bundesliga 2016/2017"]
[Site "St. Veit/Glan"]
[Date "2017.03.24"]
[Round "6"]
[Board "5"]
[White "Hoelzl, Franz"]
[Black "Anistratov, Dmitrij"]
[Result "1/2-1/2"]
[WhiteElo "2321"]
[BlackElo "2273"]
[PlyCount "63"]
[EventDate "2016.10.20"]
[EventType "team"]
[EventRounds "11"]
[EventCountry "AUT"]
[WhiteTeam "SV Pillenkoenig St. Veit"]
[BlackTeam "Schachclub Sparkasse Goetzis"]

1.d4 d6 2.Nf3 Nf6 3.c4 c6 4.g3 Nbd7 5.Bg2 e5 6.O-O Be7 7.Nc3 O-O 8.Qc2 Re8 9.Rd1 Qc7
10.b3 Bf8 11.Bb2 a5 12.e3 exd4 13.Nxd4 Nc5 14.Rd2 Bg4 15.f3 Bh5 16.e4 Bg6 17.Kh1 d5
18.cxd5 cxd5 19.Nf5 dxe4 20.Nxe4 Nfxe4 21.fxe4 Rad8 22.Rxd8 Rxd8 23.Rf1 Qd7 24.Qc3
Bxf5 25.exf5 Qd2 26.f6 g6 27.Bf3 Rd3 28.Qc1 a4 29.bxa4 Nxa4 30.Qxd2 Rxd2 31.Be5 Rxa2
32.Bxb7 1/2-1/2